Heather's the musical songs - Statistics

General Stats
  • This quiz has been taken 523 times
  • The average score is 16 of 20
Answer Stats
Hint Answer % Correct
2 Candy Store
97%
1 Beautiful
94%
6 Dead Girl Walking
94%
18 Dead Girl Walking (Reprise)
94%
11 Seventeen
91%
20 Seventeen (Reprise)
91%
5 Big Fun
89%
4 Freeze Your Brain
86%
8 Blue
81%
13 Lifeboat
81%
10 My Dead Gay Son
79%
3 Fight For Me
78%
9 Our Love Is God
76%
12 Shine a Light
76%
14 Shine a Light (Reprise)
76%
17 Meant to Be Yours
74%
7 The Me Inside of Me
71%
15 Kindergarten boyfriend
69%
16 Yo Girl
68%
19 I Am Damaged
54%
No matching quizzes found
Score Distribution
Percent of People with Each Score
Percentile by Number Answered
Your Score History
You have not taken this quiz